000 00656nam a2200205Ia 4500
003 GCL
008 140319s9999 xx 000 0 ara d
040 _aGCL /
_cGCL
082 0 4 _a591.072
_bب ج
100 1 _aباكار فانس
245 1 0 _aالجانب الانسانى عند الحيوان /
_cباكار فانس
700 1 _aانور عبدالعليم
700 1 _aسيد غزال (مترجم)
260 _a[S.N] :
_bدار الفكر العربى
490 _aالالف كتاب
_v0
650 0 4 _aالحيوان، علم
650 0 4 _aالحيوانات - امراض
650 0 4 _aالحيوانات - تربية
942 _2ddc
_cBK
999 _c40002
_d40002